[Event "DVM U16 2021"]
[Site "Kiel GER"]
[Date "2022.07.24"]
[Round "3"]
[White "Morgenstern, Tobias"]
[Black "Wehrle, Maximilian"]
[Result "1/2-1/2"]
[Termination "normal"]
[Board "5.2"]
[WhiteElo "1901"]
[BlackElo "1739"]
[WhiteClock "00:15:50"]
[BlackClock "00:51:20"]
[WhiteTeam "Schachzwerge Magdeburg"]
[BlackTeam "SC Brombach e.V."]
[PlyCount "123"]
[WhiteFideId "12974390"]
[BlackFideId "65600347"]
[EventCountry "GER"]
[EventRounds "7"]
[EventType "team-swiss"]
[EventDate "2022.07.22"]

1. e4 {[%clk 01:30:59]} c5 {[%clk 01:30:50]} {[%emt 00:00:10]} 2. Nf3 {[%clk
01:31:28]} {[%emt 00:00:01]} e6 {[%clk 01:30:33]} {[%emt 00:00:47]} 3. d4
{[%clk 01:31:00]} {[%emt 00:00:58]} cxd4 {[%clk 01:29:50]} {[%emt 00:01:13]} 4.
Nxd4 {[%clk 01:31:23]} {[%emt 00:00:07]} Nf6 {[%clk 01:29:17]} {[%emt
00:01:03]} 5. Nc3 {[%clk 01:31:38]} {[%emt 00:00:15]} d6 {[%clk 01:28:40]}
{[%emt 00:01:07]} 6. g4 {[%clk 01:30:50]} {[%emt 00:01:18]} h6 {[%clk
01:28:31]} {[%emt 00:00:38]} 7. Bg2 {[%clk 01:30:58]} {[%emt 00:00:23]} Nc6
{[%clk 01:26:57]} {[%emt 00:02:03]} 8. h3 {[%clk 01:30:57]} {[%emt 00:00:32]}
Be7 {[%clk 01:25:30]} {[%emt 00:01:57]} 9. Be3 {[%clk 01:31:08]} {[%emt
00:00:19]} Nxd4 {[%clk 01:18:32]} {[%emt 00:07:28]} 10. Qxd4 {[%clk 01:29:11]}
{[%emt 00:02:27]} e5 {[%clk 01:17:35]} {[%emt 00:01:27]} 11. Qd2 {[%clk
01:29:24]} {[%emt 00:00:17]} Be6 {[%clk 01:15:07]} {[%emt 00:02:58]} 12. f4
{[%clk 01:16:08]} {[%emt 00:13:46]} Qa5 {[%clk 01:02:04]} {[%emt 00:13:33]} 13.
O-O {[%clk 01:12:04]} {[%emt 00:04:34]} O-O {[%clk 00:41:30]} {[%emt 00:21:03]}
14. f5 {[%clk 00:49:25]} {[%emt 00:23:09]} Bc4 {[%clk 00:41:04]} {[%emt
00:00:56]} 15. Bxh6 {[%emt 00:17:53]} gxh6 {[%clk 00:40:01]} {[%emt 00:01:32]}
16. Qxh6 {[%clk 00:32:08]} {[%emt 00:00:26]} Bxf1 {[%clk 00:37:47]} {[%emt
00:02:44]} 17. Rxf1 {[%clk 00:32:10]} {[%emt 00:00:27]} Qd8 {[%clk 00:37:45]}
{[%emt 00:00:32]} 18. g5 {[%clk 00:30:36]} {[%emt 00:02:05]} Ng4 {[%emt
00:02:35]} 19. hxg4 {[%clk 00:19:55]} {[%emt 00:11:06]} Bxg5 {[%clk 00:36:01]}
{[%emt 00:00:13]} 20. Qh5 {[%clk 00:16:50]} {[%emt 00:03:35]} Be3+ {[%clk
00:33:14]} {[%emt 00:03:17]} 21. Kh1 {[%clk 00:15:05]} {[%emt 00:02:15]} Qg5
{[%clk 00:32:22]} {[%emt 00:01:23]} 22. f6 {[%clk 00:12:27]} {[%emt 00:03:08]}
Qxh5+ {[%clk 00:32:24]} {[%emt 00:00:28]} 23. gxh5 {[%clk 00:12:55]} {[%emt
00:00:02]} Kh7 {[%clk 00:31:58]} {[%emt 00:00:56]} 24. Nd5 {[%clk 00:11:03]}
{[%emt 00:02:21]} Bb6 {[%clk 00:32:11]} {[%emt 00:00:17]} 25. Bh3 {[%clk
00:08:32]} {[%emt 00:03:02]} Rg8 {[%clk 00:32:10]} {[%emt 00:00:30]} 26. Bf5+
{[%clk 00:04:13]} {[%emt 00:04:49]} Kh6 {[%clk 00:32:14]} {[%emt 00:00:26]} 27.
Kh2 {[%clk 00:00:57]} {[%emt 00:03:46]} Rg5 {[%clk 00:32:19]} {[%emt 00:00:25]}
28. Ne7 {[%clk 00:00:50]} {[%emt 00:00:37]} Rh8 {[%clk 00:30:00]} {[%emt
00:02:48]} 29. Kh3 {[%clk 00:00:55]} {[%emt 00:00:26]} Bd8 {[%clk 00:29:44]}
{[%emt 00:00:45]} 30. Bg4 {[%clk 00:00:55]} {[%emt 00:00:31]} Bxe7 {[%clk
00:28:44]} {[%emt 00:01:30]} 31. fxe7 {[%clk 00:01:21]} {[%emt 00:00:05]} Kg7
{[%clk 00:28:24]} 32. Kh4 {[%clk 00:00:54]} {[%emt 00:01:47]} f6 {[%clk
00:28:37]} 33. Rd1 {[%clk 00:01:00]} {[%emt 00:00:41]} Re8 {[%clk 00:26:02]}
34. Rxd6 {[%clk 00:01:16]} {[%emt 00:03:19]} Rxe7 {[%clk 00:26:19]} 35. h6+
{[%clk 00:01:22]} {[%emt 00:00:37]} Kxh6 {[%clk 00:26:01]} {[%emt 00:00:48]}
36. Rxf6+ {[%clk 00:01:21]} {[%emt 00:00:31]} Rg6 {[%clk 00:26:25]} {[%emt
00:00:06]} 37. Rf8 {[%clk 00:00:56]} {[%emt 00:00:55]} Kg7 {[%clk 00:24:51]}
38. Rd8 {[%clk 00:00:56]} Rf7 {[%clk 00:24:51]} 39. Bf5 {[%clk 00:00:56]} Rg2
{[%clk 00:24:51]} 40. Rc8 {[%clk 00:00:56]} Rf8 {[%clk 00:24:51]} 41. Rc7+
{[%clk 00:00:56]} Kf6 {[%clk 00:53:29]} {[%emt 00:08:54]} 42. Kh3 {[%clk
00:29:49]} {[%emt 00:00:09]} Rg7 {[%clk 00:53:02]} {[%emt 00:00:55]} 43. Rxg7
{[%clk 00:29:17]} {[%emt 00:01:03]} Kxg7 {[%emt 00:00:07]} 44. Kg3 {[%clk
00:25:25]} {[%emt 00:04:20]} Kf6 {[%clk 00:53:54]} {[%emt 00:00:03]} 45. Kf3
{[%clk 00:25:31]} {[%emt 00:00:24]} Rd8 {[%clk 00:54:03]} {[%emt 00:00:21]} 46.
Ke2 {[%clk 00:25:45]} {[%emt 00:00:16]} Kg5 {[%clk 00:54:19]} 47. Be6 {[%clk
00:25:32]} {[%emt 00:00:56]} Kf4 {[%clk 00:54:33]} {[%emt 00:00:17]} 48. Bd5
{[%clk 00:25:56]} {[%emt 00:00:06]} b6 {[%clk 00:53:52]} {[%emt 00:01:11]} 49.
a4 {[%clk 00:25:40]} {[%emt 00:00:46]} a5 {[%clk 00:53:41]} {[%emt 00:00:41]}
50. b3 {[%clk 00:25:07]} {[%emt 00:01:04]} Kg5 {[%clk 00:53:52]} 51. Kd3 {[%clk
00:24:24]} {[%emt 00:01:31]} Rc8 {[%clk 00:54:01]} 52. Be6 {[%clk 00:22:20]}
{[%emt 00:02:54]} Rc7 {[%clk 00:53:34]} 53. Bd5 {[%clk 00:22:41]} {[%emt
00:01:07]} Kf6 {[%clk 00:53:55]} {[%emt 00:00:09]} 54. Bc4 {[%clk 00:22:43]}
{[%emt 00:00:28]} Ke7 {[%clk 00:54:18]} {[%emt 00:00:07]} 55. Bd5 {[%clk
00:23:00]} {[%emt 00:00:13]} Kd6 {[%clk 00:54:41]} {[%emt 00:00:07]} 56. Kd2
{[%clk 00:15:31]} {[%emt 00:07:59]} Kc5 {[%clk 00:54:57]} {[%emt 00:00:14]} 57.
c3 {[%clk 00:15:38]} {[%emt 00:00:23]} Rg7 {[%clk 00:55:18]} {[%emt 00:00:10]}
58. Kc2 {[%clk 00:15:43]} {[%emt 00:00:24]} Rg2+ {[%clk 00:54:55]} {[%emt
00:00:54]} 59. Kd3 {[%clk 00:15:43]} {[%emt 00:00:30]} Rg7 {[%clk 00:54:33]}
{[%emt 00:00:50]} 60. Kc2 {[%clk 00:15:59]} {[%emt 00:00:15]} Rd7 {[%clk
00:52:16]} {[%emt 00:02:46]} 61. Bc4 {[%clk 00:15:50]} {[%emt 00:00:40]} Kd6
{[%clk 00:51:20]} {[%emt 00:01:26]} 62. Bd5 {[%emt 00:01:11]} 1/2-1/2

[Event "DVM U16 2021"]
[Site "Kiel GER"]
[Date "2022.07.24"]
[Round "3"]
[White "Weiß, David"]
[Black "Zeuner, Ole"]
[Result "1-0"]
[Termination "normal"]
[Board "5.3"]
[WhiteElo "1759"]
[BlackElo "1796"]
[WhiteClock "01:26:02"]
[BlackClock "01:04:31"]
[WhiteTeam "SC Brombach e.V."]
[BlackTeam "Schachzwerge Magdeburg"]
[PlyCount "41"]
[WhiteFideId "34628428"]
[BlackFideId "12943576"]
[EventCountry "GER"]
[EventRounds "7"]
[EventType "team-swiss"]
[EventDate "2022.07.22"]

1. Nf3 {[%clk 01:30:57]} {[%emt 00:00:02]} Nf6 {[%clk 01:30:50]} {[%emt
00:00:10]} 2. g3 {[%clk 01:31:22]} {[%emt 00:00:06]} g6 {[%clk 01:31:16]}
{[%emt 00:00:05]} 3. b3 {[%clk 01:31:48]} {[%emt 00:00:03]} Bg7 {[%clk
01:31:34]} {[%emt 00:00:12]} 4. Bb2 {[%clk 01:32:12]} {[%emt 00:00:07]} O-O
{[%clk 01:31:19]} {[%emt 00:00:44]} 5. Bg2 {[%clk 01:32:36]} {[%emt 00:00:06]}
c5 {[%clk 01:29:49]} {[%emt 00:02:00]} 6. O-O {[%clk 01:32:57]} {[%emt
00:00:09]} Nc6 {[%clk 01:30:02]} {[%emt 00:00:17]} 7. c4 {[%clk 01:33:20]}
{[%emt 00:00:07]} d6 {[%clk 01:26:09]} {[%emt 00:04:24]} 8. d4 {[%clk
01:33:41]} {[%emt 00:00:08]} cxd4 {[%clk 01:24:42]} {[%emt 00:01:56]} 9. Nxd4
{[%clk 01:34:02]} {[%emt 00:00:09]} Nxd4 {[%clk 01:25:07]} {[%emt 00:00:06]}
10. Qxd4 {[%clk 01:34:25]} {[%emt 00:00:07]} Qc7 {[%clk 01:21:38]} {[%emt
00:03:59]} 11. Nc3 {[%clk 01:32:11]} {[%emt 00:02:43]} Nd7 {[%clk 01:15:47]}
{[%emt 00:06:22]} 12. Qxg7+ {[%clk 01:28:07]} {[%emt 00:04:33]} Kxg7 {[%clk
01:14:29]} {[%emt 00:01:49]} 13. Nd5+ {[%clk 01:28:28]} {[%emt 00:00:08]} Nf6
{[%clk 01:12:21]} {[%emt 00:02:35]} 14. Bxf6+ {[%clk 01:28:38]} {[%emt
00:00:24]} exf6 {[%clk 01:12:45]} {[%emt 00:00:06]} 15. Nxc7 {[%clk 01:28:59]}
{[%emt 00:00:08]} Rb8 {[%clk 01:12:58]} {[%emt 00:00:19]} 16. Nb5 {[%clk
01:29:06]} {[%emt 00:00:22]} Bg4 {[%clk 01:11:02]} {[%emt 00:02:26]} 17. f3
{[%clk 01:29:00]} {[%emt 00:00:36]} Be6 {[%clk 01:10:36]} {[%emt 00:00:55]} 18.
Rfd1 {[%clk 01:28:23]} {[%emt 00:01:07]} Rfd8 {[%clk 01:09:53]} {[%emt
00:01:14]} 19. Nxd6 {[%clk 01:27:26]} {[%emt 00:01:27]} Rd7 {[%clk 01:05:20]}
{[%emt 00:05:03]} 20. Rd3 {[%clk 01:26:28]} {[%emt 00:01:28]} Rc7 {[%clk
01:04:31]} {[%emt 00:01:11]} 21. Nb5 {[%clk 01:26:02]} {[%emt 00:01:03]} 1-0

[Event "DVM U16 2021"]
[Site "Kiel GER"]
[Date "2022.07.24"]
[Round "3"]
[White "Pohle, Saskia"]
[Black "Wehrle, Valentin"]
[Result "1-0"]
[Termination "normal"]
[Board "5.4"]
[WhiteElo "1845"]
[BlackElo "1440"]
[WhiteClock "00:01:56"]
[BlackClock "00:59:11"]
[WhiteTeam "Schachzwerge Magdeburg"]
[BlackTeam "SC Brombach e.V."]
[PlyCount "117"]
[WhiteFideId "16201604"]
[BlackFideId "65600355"]
[EventCountry "GER"]
[EventRounds "7"]
[EventType "team-swiss"]
[EventDate "2022.07.22"]

1. e4 {[%clk 01:30:59]} c5 {[%clk 01:30:43]} {[%emt 00:00:17]} 2. Nf3 {[%clk
01:31:24]} {[%emt 00:00:05]} e6 {[%clk 01:30:46]} {[%emt 00:00:27]} 3. d4
{[%clk 01:31:49]} {[%emt 00:00:05]} cxd4 {[%clk 01:30:49]} {[%emt 00:00:26]} 4.
Nxd4 {[%clk 01:32:13]} {[%emt 00:00:07]} Nf6 {[%clk 01:30:41]} {[%emt
00:00:38]} 5. Nc3 {[%clk 01:32:36]} {[%emt 00:00:07]} d6 {[%clk 01:30:49]}
{[%emt 00:00:22]} 6. Be2 {[%clk 01:32:20]} {[%emt 00:00:47]} Be7 {[%clk
01:30:35]} {[%emt 00:00:42]} 7. O-O {[%clk 01:32:06]} {[%emt 00:00:45]} O-O
{[%clk 01:30:05]} {[%emt 00:01:01]} 8. f4 {[%clk 01:30:15]} {[%emt 00:02:21]}
a6 {[%clk 01:28:34]} {[%emt 00:02:00]} 9. a4 {[%clk 01:23:09]} {[%emt
00:07:36]} Nc6 {[%clk 01:25:54]} {[%emt 00:03:10]} 10. Be3 {[%clk 01:22:53]}
{[%emt 00:00:46]} Qc7 {[%clk 01:23:14]} {[%emt 00:03:10]} 11. Bf3 {[%clk
01:17:06]} {[%emt 00:06:17]} Rd8 {[%clk 01:20:54]} {[%emt 00:02:47]} 12. Nb3
{[%clk 01:10:28]} {[%emt 00:07:12]} b6 {[%clk 01:19:39]} {[%emt 00:01:45]} 13.
Qe1 {[%clk 01:07:08]} {[%emt 00:03:49]} Bb7 {[%clk 01:17:14]} {[%emt 00:02:55]}
14. Qf2 {[%clk 01:05:02]} {[%emt 00:02:37]} Nd7 {[%clk 01:16:40]} {[%emt
00:01:10]} 15. Nd2 {[%clk 00:55:40]} {[%emt 00:09:45]} Nc5 {[%clk 01:14:56]}
{[%emt 00:02:13]} 16. Rfb1 {[%clk 00:51:56]} {[%emt 00:04:14]} Bf6 {[%clk
01:12:50]} {[%emt 00:02:37]} 17. Nc4 {[%clk 00:40:22]} {[%emt 00:12:03]} Rab8
{[%clk 01:08:14]} {[%emt 00:05:06]} 18. Ra3 {[%clk 00:36:10]} {[%emt 00:04:42]}
Ba8 {[%clk 01:02:46]} {[%emt 00:05:58]} 19. b4 {[%clk 00:34:49]} {[%emt
00:01:51]} Nd7 {[%clk 01:02:33]} {[%emt 00:00:43]} 20. Qd2 {[%clk 00:26:59]}
{[%emt 00:08:21]} Be7 {[%clk 00:59:56]} {[%emt 00:03:08]} 21. Qd3 {[%clk
00:23:51]} {[%emt 00:03:37]} b5 {[%clk 00:56:38]} {[%emt 00:03:47]} 22. axb5
{[%clk 00:23:15]} {[%emt 00:01:07]} axb5 {[%clk 00:56:58]} {[%emt 00:00:10]}
23. Na5 {[%clk 00:21:23]} {[%emt 00:02:22]} Nxa5 {[%clk 00:54:01]} {[%emt
00:03:27]} 24. Rxa5 {[%clk 00:21:41]} {[%emt 00:00:12]} Bc6 {[%clk 00:54:07]}
{[%emt 00:00:23]} 25. Nxb5 {[%clk 00:15:01]} {[%emt 00:07:11]} Bxb5 {[%clk
00:53:36]} {[%emt 00:01:00]} 26. Rxb5 {[%clk 00:15:24]} {[%emt 00:00:08]} Rxb5
{[%clk 00:54:01]} {[%emt 00:00:05]} 27. Qxb5 {[%clk 00:15:46]} {[%emt
00:00:07]} Qxc2 {[%clk 00:54:15]} {[%emt 00:00:17]} 28. Rd1 {[%clk 00:15:49]}
{[%emt 00:00:27]} Nf6 {[%clk 00:52:39]} {[%emt 00:02:05]} 29. Qd3 {[%clk
00:12:43]} {[%emt 00:03:37]} Qxd3 {[%clk 00:50:22]} {[%emt 00:02:46]} 30. Rxd3
{[%clk 00:13:08]} {[%emt 00:00:06]} d5 {[%clk 00:50:36]} {[%emt 00:00:16]} 31.
e5 {[%clk 00:11:45]} {[%emt 00:01:52]} Bxb4 {[%clk 00:47:10]} {[%emt 00:03:57]}
32. exf6 {[%clk 00:11:36]} {[%emt 00:00:39]} gxf6 {[%clk 00:47:30]} {[%emt
00:00:07]} 33. Bd4 {[%clk 00:09:49]} {[%emt 00:02:20]} Be7 {[%clk 00:46:16]}
{[%emt 00:01:44]} 34. Rc3 {[%clk 00:06:31]} {[%emt 00:03:48]} Kg7 {[%clk
00:45:24]} 35. Be2 {[%clk 00:05:43]} {[%emt 00:02:40]} Rb8 {[%clk 00:43:36]}
36. Rg3+ {[%clk 00:03:50]} {[%emt 00:04:40]} Kh8 {[%clk 00:43:05]} {[%emt
00:01:01]} 37. Bh5 {[%clk 00:02:10]} {[%emt 00:02:10]} Rf8 {[%clk 00:42:52]}
{[%emt 00:00:43]} 38. Kf2 {[%clk 00:02:25]} {[%emt 00:00:16]} h6 {[%clk
00:42:39]} {[%emt 00:00:43]} 39. Ke3 {[%clk 00:00:53]} {[%emt 00:02:03]} Kh7
{[%clk 00:42:35]} {[%emt 00:00:33]} 40. Rg4 {[%clk 00:00:50]} {[%emt 00:00:33]}
Bd8 {[%clk 00:42:24]} {[%emt 00:00:41]} 41. Rg3 {[%clk 00:00:41]} {[%emt
00:00:39]} Be7 {[%clk 00:38:47]} {[%emt 00:04:06]} 42. Be2 {[%clk 00:28:58]}
{[%emt 00:02:13]} Rg8 {[%clk 01:07:43]} {[%emt 00:01:34]} 43. Rxg8 {[%clk
00:25:23]} {[%emt 00:04:06]} Kxg8 {[%clk 01:08:03]} {[%emt 00:00:09]} 44. g4
{[%clk 00:24:17]} {[%emt 00:01:37]} Kg7 {[%emt 00:00:57]} 45. Bf3 {[%clk
00:20:45]} {[%emt 00:03:55]} Bd6 {[%clk 01:07:12]} {[%emt 00:01:00]} 46. Bb2
{[%clk 00:16:31]} {[%emt 00:04:43]} Bc5+ {[%clk 01:06:51]} {[%emt 00:00:53]}
47. Kd3 {[%clk 00:16:11]} {[%emt 00:00:49]} Bd6 {[%clk 01:05:08]} {[%emt
00:02:13]} 48. Bc1 {[%clk 00:15:11]} {[%emt 00:01:31]} Kf8 {[%clk 01:04:01]}
{[%emt 00:01:37]} 49. h3 {[%clk 00:10:20]} {[%emt 00:05:21]} Kg7 {[%emt
00:01:22]} 50. Bd2 {[%clk 00:09:26]} {[%emt 00:00:41]} Bc5 {[%clk 01:03:11]}
{[%emt 00:01:11]} 51. Kc3 {[%clk 00:07:44]} {[%emt 00:02:12]} Bb6 {[%clk
01:03:03]} {[%emt 00:00:37]} 52. Kb4 {[%clk 00:07:15]} {[%emt 00:01:00]} Bd4
{[%clk 01:03:13]} {[%emt 00:00:19]} 53. f5 {[%clk 00:04:14]} {[%emt 00:03:32]}
Bf2 {[%clk 01:00:10]} {[%emt 00:03:32]} 54. Kb5 {[%clk 00:03:58]} {[%emt
00:00:47]} d4 {[%clk 00:59:27]} {[%emt 00:01:13]} 55. Kc5 {[%clk 00:03:05]}
{[%emt 00:01:23]} e5 {[%clk 00:59:41]} {[%emt 00:00:16]} 56. Kd6 {[%clk
00:02:49]} {[%emt 00:00:46]} Bh4 {[%clk 00:58:59]} {[%emt 00:01:10]} 57. Ke7
{[%clk 00:01:52]} {[%emt 00:01:29]} Bg5 {[%clk 00:59:02]} {[%emt 00:00:26]} 58.
Bxg5 {[%clk 00:01:38]} {[%emt 00:00:45]} hxg5 {[%clk 00:59:11]} {[%emt
00:00:21]} 59. Be4 {[%clk 00:01:56]} {[%emt 00:00:11]} 1-0

[Event "DVM U16 2021"]
[Site "Kiel GER"]
[Date "2022.07.24"]
[Round "3"]
[White "Korchynskyi, Mykola"]
[Black "Lutz, Ruben"]
[Result "1/2-1/2"]
[Termination "normal"]
[Board "6.1"]
[WhiteElo "1711"]
[BlackElo "2109"]
[WhiteClock "00:17:25"]
[BlackClock "00:07:40"]
[WhiteTeam "Schachfreunde Essen-Katernberg 04/32 e. V."]
[BlackTeam "USV TU Dresden"]
[PlyCount "103"]
[WhiteFideId "34138005"]
[BlackFideId "12975974"]
[EventCountry "GER"]
[EventRounds "7"]
[EventType "team-swiss"]
[EventDate "2022.07.22"]

1. d4 {[%clk 01:30:57]} {[%emt 00:00:02]} d5 {[%clk 01:30:53]} {[%emt
00:00:08]} 2. c4 {[%clk 01:31:04]} {[%emt 00:00:22]} dxc4 {[%clk 01:31:13]}
{[%emt 00:00:11]} 3. Nf3 {[%clk 01:30:55]} {[%emt 00:00:38]} Nf6 {[%clk
01:31:31]} {[%emt 00:00:12]} 4. e3 {[%clk 01:31:03]} {[%emt 00:00:23]} Bg4
{[%clk 01:31:50]} {[%emt 00:00:11]} 5. Bxc4 {[%clk 01:31:16]} {[%emt 00:00:17]}
e6 {[%clk 01:32:11]} {[%emt 00:00:09]} 6. Nc3 {[%clk 01:31:13]} {[%emt
00:00:33]} a6 {[%clk 01:31:58]} {[%emt 00:00:43]} 7. O-O {[%clk 01:25:40]}
{[%emt 00:06:03]} Nc6 {[%clk 01:32:16]} {[%emt 00:00:12]} 8. b3 {[%clk
01:22:02]} {[%emt 00:04:08]} Bd6 {[%clk 01:32:01]} {[%emt 00:00:46]} 9. Bb2
{[%clk 01:20:22]} {[%emt 00:02:09]} O-O {[%clk 01:32:15]} {[%emt 00:00:15]} 10.
Bd3 {[%clk 01:18:14]} {[%emt 00:02:39]} Qe7 {[%clk 01:29:22]} {[%emt 00:03:23]}
11. h3 {[%clk 01:16:35]} {[%emt 00:02:08]} Bh5 {[%clk 01:28:40]} {[%emt
00:01:13]} 12. Ne4 {[%clk 01:11:32]} {[%emt 00:05:34]} e5 {[%clk 01:13:46]}
{[%emt 00:15:23]} 13. Nxf6+ {[%clk 01:06:31]} {[%emt 00:05:36]} Qxf6 {[%clk
01:14:11]} 14. Be4 {[%clk 00:57:40]} {[%emt 00:09:22]} Bxf3 {[%clk 00:45:55]}
{[%emt 00:28:45]} 15. Qxf3 {[%clk 00:53:52]} {[%emt 00:04:18]} Qxf3 {[%clk
00:46:11]} {[%emt 00:00:14]} 16. gxf3 {[%clk 00:49:33]} {[%emt 00:04:48]} exd4
{[%clk 00:43:04]} {[%emt 00:03:38]} 17. Bxc6 {[%clk 00:49:39]} {[%emt
00:00:24]} bxc6 {[%clk 00:43:28]} {[%emt 00:00:06]} 18. Bxd4 {[%clk 00:50:03]}
{[%emt 00:00:06]} c5 {[%clk 00:43:48]} {[%emt 00:00:11]} 19. Bb2 {[%clk
00:50:16]} {[%emt 00:00:17]} a5 {[%clk 00:39:40]} {[%emt 00:04:38]} 20. Rfc1
{[%clk 00:44:33]} {[%emt 00:06:13]} a4 {[%clk 00:39:00]} {[%emt 00:01:10]} 21.
bxa4 {[%clk 00:44:44]} {[%emt 00:00:18]} Rxa4 {[%clk 00:39:23]} {[%emt
00:00:07]} 22. Rc2 {[%clk 00:45:09]} {[%emt 00:00:06]} Rfa8 {[%clk 00:37:04]}
{[%emt 00:02:48]} 23. a3 {[%clk 00:45:04]} {[%emt 00:00:35]} Rb8 {[%clk
00:35:10]} {[%emt 00:02:24]} 24. Rac1 {[%clk 00:43:29]} {[%emt 00:02:04]} f6
{[%clk 00:32:42]} {[%emt 00:02:58]} 25. f4 {[%clk 00:41:47]} {[%emt 00:02:12]}
Rb3 {[%clk 00:31:55]} {[%emt 00:01:18]} 26. Re2 {[%clk 00:32:59]} {[%emt
00:09:18]} Kf7 {[%clk 00:30:40]} {[%emt 00:01:45]} 27. Kg2 {[%clk 00:31:42]}
{[%emt 00:01:47]} Ke6 {[%clk 00:21:12]} {[%emt 00:09:58]} 28. e4 {[%clk
00:30:43]} {[%emt 00:01:28]} f5 {[%clk 00:08:42]} {[%emt 00:13:01]} 29. exf5+
{[%clk 00:29:19]} {[%emt 00:01:54]} Kf7 {[%clk 00:06:33]} {[%emt 00:02:39]} 30.
Be5 {[%clk 00:29:00]} {[%emt 00:00:47]} Raxa3 {[%clk 00:05:19]} {[%emt
00:01:45]} 31. Rd2 {[%clk 00:28:20]} {[%emt 00:01:10]} Rxh3 {[%clk 00:02:26]}
{[%emt 00:03:24]} 32. Bxd6 {[%clk 00:28:17]} {[%emt 00:00:33]} cxd6 {[%clk
00:02:53]} {[%emt 00:00:02]} 33. Rxd6 {[%clk 00:28:41]} {[%emt 00:00:06]} Rhc3
{[%clk 00:02:41]} {[%emt 00:00:42]} 34. Re1 {[%clk 00:26:13]} {[%emt 00:02:58]}
Ra7 {[%clk 00:02:12]} {[%emt 00:00:59]} 35. Rc6 {[%clk 00:26:23]} {[%emt
00:00:21]} Rc2 {[%clk 00:00:59]} {[%emt 00:01:43]} 36. Rd1 {[%clk 00:25:07]}
{[%emt 00:01:46]} Re7 {[%clk 00:00:39]} {[%emt 00:00:50]} 37. Kg3 {[%clk
00:22:39]} {[%emt 00:02:57]} c4 {[%clk 00:00:35]} {[%emt 00:00:35]} 38. f6
{[%clk 00:15:34]} {[%emt 00:07:34]} gxf6 {[%clk 00:00:52]} {[%emt 00:00:14]}
39. Rdd6 {[%clk 00:16:01]} {[%emt 00:00:03]} Rc1 {[%clk 00:00:40]} {[%emt
00:00:42]} 40. Rxf6+ {[%clk 00:16:22]} {[%emt 00:00:08]} Kg7 {[%clk 00:00:44]}
{[%emt 00:00:26]} 41. Rf5 {[%clk 00:16:02]} {[%emt 00:00:50]} c3 {[%clk
00:20:56]} {[%emt 00:10:18]} 42. Rfc5 {[%clk 00:43:27]} {[%emt 00:03:06]} c2
{[%clk 00:21:06]} {[%emt 00:00:20]} 43. f5 {[%clk 00:40:09]} {[%emt 00:03:47]}
Re4 {[%clk 00:13:54]} {[%emt 00:07:42]} 44. Kf3 {[%clk 00:39:09]} {[%emt
00:01:30]} Ra4 {[%clk 00:13:17]} {[%emt 00:01:07]} 45. Rc3 {[%clk 00:27:36]}
{[%emt 00:12:03]} Rh4 {[%clk 00:08:20]} {[%emt 00:05:27]} 46. Rc8 {[%clk
00:15:17]} {[%emt 00:12:49]} Rh3+ {[%clk 00:07:15]} {[%emt 00:01:35]} 47. Kf4
{[%clk 00:15:42]} {[%emt 00:00:06]} Rxc3 {[%clk 00:07:41]} {[%emt 00:00:04]}
48. Rxc3 {[%clk 00:16:06]} {[%emt 00:00:05]} h5 {[%clk 00:06:56]} {[%emt
00:01:16]} 49. Rc7+ {[%clk 00:16:28]} {[%emt 00:00:08]} Kf6 {[%clk 00:06:52]}
{[%emt 00:00:33]} 50. Rc6+ {[%clk 00:16:49]} {[%emt 00:00:10]} Kf7 {[%clk
00:07:15]} {[%emt 00:00:07]} 51. Rc7+ {[%clk 00:17:12]} {[%emt 00:00:07]} Kf6
{[%clk 00:07:40]} {[%emt 00:00:04]} 52. Rc6+ {[%clk 00:17:25]} {[%emt
00:00:17]} 1/2-1/2